| 000 | 00796nam a2200229 4500 | ||
|---|---|---|---|
| 001 | 127517 | ||
| 003 | ES-MaACL | ||
| 005 | 20230906193028.0 | ||
| 007 | t| | ||
| 008 | 070214s1951 sp r ||||1| spa d | ||
| 100 | 1 |
_aRiesser, Otto. _997163 |
|
| 245 | 1 | 0 |
_aFarmacología y terapéutica musculares _b: tratamiento de las enfermedades de los músculos / _cOtto Riesser ; prólogo de T. Gordonoff ; versión española de Juan Díez Vázquez. |
| 250 | _a1ª. ed. | ||
| 260 |
_aMadrid : _bMorata, _c1951. |
||
| 300 |
_a287 p. : _bil. ; _c22 cm. |
||
| 490 | 1 |
_aTratado de terapéutica ; _v6 |
|
| 700 | 1 |
_aGordonoff, T. _959171 |
|
| 700 | 1 |
_aDíez Vázquez, Juan. _944779 |
|
| 830 | 0 |
_aTratado de terapéutica ; _v6 _9186697 |
|
| 852 |
_aES-MaACL _jD-5342 _bR.31599 |
||
| 999 |
_c127517 _d127517 |
||